Culture Générale - Série 787 - Statistiques

Statistiques générales
  • Ce quiz a été pris 126 fois
  • Le résultat moyen est 7 sur 10
Statistiques - réponses
Question Réponse % Correct
De quel pays d'Amérique latine, la crêpe de farine de maïs garnie de viande appelée: "taco", est-elle une spécialité ? Mexique
98%
Quel mot désigne communément les griffes des rapaces ? serres
85%
Quels fruits peut-on cueillir sur un cognassier ? coings
81%
Dans la saga "L'Âge de glace", quel animal friand de glands est "Scrat" ? écureuil
79%
Dans quelle ville, réputée pour son brie, les Meldois habitent-ils ? Meaux
75%
A quel scientifique italien doit-on l'invention de la pile électrique en 1800 ? Alessandro Volta
61%
Dans quelle localité est née Jeanne d'Arc ? Domrémy
60%
Pain peu épais de forme ronde consommé couramment en Europe du Sud-Est et au Moyen-Orient pita
54%
Dans quel pays se situe le Grand Désert Victoria ? Australie
47%
De quel département les Séquano-Dyonisiens sont-ils les habitants ? Seine-Saint-Denis
41%
Aucun quiz correspondant
Distribution des résultats
% des personnes avec chaque résultat
Percentile par nombre de réponses
Votre historique - résultats
Vous n’avez pas pris ce quiz